MONHEIMS LOCAL ANESTHESIA AND PAIN CONTROL IN DENTAL PRACTICE (Record no. 425255)

MARC details
000 -LEADER
fixed length control field 00419pam a2200157a 44500
008 - FIXED-LENGTH DATA ELEMENTS--GENERAL INFORMATION
fixed length control field 230515b1990 xxu||||| |||| 00| 0 eng d
020 ## - INTERNATIONAL STANDARD BOOK NUMBER
International Standard Book Number NULL
041 ## - LANGUAGE CODE
Language code of text/sound track or separate title ENGLISH
082 ## - DEWEY DECIMAL CLASSIFICATION NUMBER
Classification number 617.522
100 ## - MAIN ENTRY--PERSONAL NAME
Personal name BENNETT C.R.
245 ## - TITLE STATEMENT
Title MONHEIMS LOCAL ANESTHESIA AND PAIN CONTROL IN DENTAL PRACTICE
250 ## - EDITION STATEMENT
Edition statement 7TH
260 ## - PUBLICATION, DISTRIBUTION, ETC.
Place of publication, distribution, etc. NEW DELHI
Name of publisher, distributor, etc. "C.B.S. PUBLISHERS, NEW DELHI"
Date of publication, distribution, etc. 1990
300 ## - PHYSICAL DESCRIPTION
Extent 404
650 ## - SUBJECT ADDED ENTRY--TOPICAL TERM
Topical term or geographic name entry element ORAL SURGERY

No items available.